[Event "Bayern-chTT (RL Nord-Ost)"]
[Site "Bayern 2008/09"]
[Date "2009.02.01"]
[Round "6.8"]
[White "Stoessel, Horst"]
[Black "Fiedler, Wolfgang(61)"]
[Result "1/2-1/2"]
[WhiteElo "2064"]
[BlackElo "1938"]
[PlyCount "50"]
[EventDate "2009.03.??"]
[EventType "team-tourn"]
[EventRounds "9"]
[WhiteTeam "Nürnberg-SW 1"]
[BlackTeam "Forchheim 2"]

1. d4 f5 2. Bg5 g6 3. c3 Bg7 4. Nd2 Nf6 5. Bxf6 Bxf6 6. e3 d6 7. Bc4 c6 8. f4
Qb6 9. Bb3 Qc7 10. Ngf3 Nd7 11. e4 fxe4 12. Nxe4 d5 13. Nxf6+ exf6 14. Qe2+ Kf7
15. O-O Re8 16. Qd2 Nb6 17. Rae1 Bg4 18. h3 Bxf3 19. Rxf3 Rxe1+ 20. Qxe1 Re8
21. Re3 Rxe3 22. Qxe3 Qe7 23. Kf2 Qxe3+ 24. Kxe3 f5 25. Kd3 Kf6 1/2-1/2

[Event "Bayern-chTT (RL Nord-Ost)"]
[Site "Bayern 2008/09"]
[Date "2009.02.01"]
[Round "6.1"]
[White "Lutz, Dieter"]
[Black "Klimpel, Thomas"]
[Result "1/2-1/2"]
[WhiteElo "2274"]
[BlackElo "2032"]
[PlyCount "82"]
[EventDate "2009.03.??"]
[EventType "team-tourn"]
[EventRounds "9"]
[WhiteTeam "Bechhofen 1"]
[BlackTeam "Kareth-Lappersdorf 1"]

1. e4 c6 2. d4 d5 3. Nd2 dxe4 4. Nxe4 Bf5 5. Ng3 Bg6 6. h4 h6 7. Nf3 Nd7 8. h5
Bh7 9. Bd3 Bxd3 10. Qxd3 e6 11. Bf4 Qa5+ 12. Bd2 Bb4 13. a3 Bxd2+ 14. Qxd2
Qxd2+ 15. Kxd2 O-O-O 16. Ne4 Kc7 17. Ke2 Ngf6 18. Nxf6 gxf6 19. c4 Rhg8 20. g3
c5 21. Rh4 cxd4 22. Rxd4 Ne5 23. Rxd8 Rxd8 24. Nxe5 fxe5 25. Rd1 Rg8 26. b3 a5
27. Kf3 Rg5 28. Rh1 f5 29. Rh4 Kd6 30. Ke3 e4 31. Rh1 Ke5 32. Rd1 Rxh5 33. Rd7
Rh3 34. Ke2 f4 35. gxf4+ Kxf4 36. Rf7+ Ke5 37. Rxb7 a4 38. bxa4 Rxa3 39. Rb4
Ra2+ 40. Ke3 Ra3+ 41. Ke2 Ra2+ 1/2-1/2

[Event "Bayern-chTT (RL Nord-Ost)"]
[Site "Bayern 2008/09"]
[Date "2009.02.01"]
[Round "6.2"]
[White "Grabert, Ralf"]
[Black "Alsheimer, Christoph"]
[Result "0-1"]
[WhiteElo "2192"]
[BlackElo "2224"]
[PlyCount "82"]
[EventDate "2009.03.??"]
[EventType "team-tourn"]
[EventRounds "9"]
[WhiteTeam "Kareth-Lappersdorf 1"]
[BlackTeam "Bechhofen 1"]

1. d4 Nf6 2. Nf3 e6 3. e3 d5 4. Bd3 c5 5. b3 Nc6 6. O-O Bd6 7. Bb2 O-O 8. Nbd2
Qe7 9. Ne5 cxd4 10. exd4 Ba3 11. Bxa3 Qxa3 12. Nxc6 bxc6 13. Qe2 c5 14. dxc5
Qxc5 15. Kh1 a5 16. c4 Bb7 17. Rad1 a4 18. Qe5 Qb4 19. Qb2 axb3 20. Qxb3 Qe7
21. Bb1 Ra3 22. Qb6 Ba6 23. Rc1 Ra4 24. Rfe1 Bxc4 25. Nxc4 Rxc4 26. Rcd1 Rb4
27. Qe3 Rb2 28. Kg1 Rfb8 29. h3 Qd6 30. g4 h6 31. Qf3 Ra8 32. Rc1 Qb4 33. Qg3
Rd2 34. Qe3 Qb2 35. Rf1 Rb8 36. Qf4 Re8 37. Rc7 Rd4 38. Qf3 e5 39. Qf5 Rf4 40.
Qd3 e4 41. Qe3 Qe5 0-1

[Event "Bayern-chTT (RL Nord-Ost)"]
[Site "Bayern 2008/09"]
[Date "2009.02.01"]
[Round "6.3"]
[White "Kurz, Christian"]
[Black "Appel, Helmut(75)"]
[Result "1-0"]
[WhiteElo "2074"]
[BlackElo "2161"]
[PlyCount "107"]
[EventDate "2009.03.??"]
[EventType "team-tourn"]
[EventRounds "9"]
[WhiteTeam "Bechhofen 1"]
[BlackTeam "Kareth-Lappersdorf 1"]

1. e4 e5 2. Nf3 Nc6 3. Bb5 a6 4. Ba4 Nf6 5. O-O Nxe4 6. d4 b5 7. Bb3 d5 8. dxe5
Be6 9. Nbd2 Bc5 10. Nxe4 dxe4 11. Bxe6 Qxd1 12. Rxd1 fxe6 13. Ng5 O-O 14. Nxe4
Bb6 15. g3 Nxe5 16. Kg2 h6 17. a4 Ng4 18. f3 Ne5 19. a5 Ba7 20. Bf4 Nc4 21. b3
Rxf4 22. bxc4 Rf5 23. Rd7 Raf8 24. Rxc7 Bb8 25. Rc6 Rxf3 26. cxb5 Re3 27. Rxe6
Re2+ 28. Kh3 Rff2 29. Nxf2 Rxe6 30. c4 Kf7 31. Nd3 Re3 32. Rd1 g5 33. Rd2 h5
34. Kg2 h4 35. gxh4 gxh4 36. Nf2 Ra3 37. Rd8 h3+ 38. Nxh3 Ra2+ 39. Nf2 Bxh2 40.
Kxh2 Ke7 41. Ra8 axb5 42. cxb5 Rxf2+ 43. Kg3 Rf5 44. Rb8 Rf1 45. a6 Ra1 46.
Rb7+ Kd6 47. a7 Ra3+ 48. Kf4 Ra4+ 49. Ke3 Ra3+ 50. Kd4 Ra4+ 51. Kc3 Kc5 52. b6
Ra3+ 53. Kb2 Ra6 54. Rb8 1-0

[Event "Bayern-chTT (RL Nord-Ost)"]
[Site "Bayern 2008/09"]
[Date "2009.02.01"]
[Round "6.5"]
[White "Lutz, Thomas"]
[Black "Strobel, Christian"]
[Result "1-0"]
[WhiteElo "1938"]
[BlackElo "2092"]
[PlyCount "113"]
[EventDate "2009.03.??"]
[EventType "team-tourn"]
[EventRounds "9"]
[WhiteTeam "Bechhofen 1"]
[BlackTeam "Kareth-Lappersdorf 1"]

1. d4 Nf6 2. Nf3 g6 3. c4 Bg7 4. Nc3 O-O 5. e4 d6 6. Be2 e5 7. d5 Nbd7 8. Qc2
a5 9. Rb1 Nc5 10. Bg5 h6 11. Bxf6 Qxf6 12. O-O Qe7 13. Nd2 f5 14. f3 Qg5 15.
Rf2 h5 16. Nb3 b6 17. Nxc5 bxc5 18. Bd3 Bh6 19. Re1 Rf7 20. a3 h4 21. Kh1 Bd7
22. Nb5 fxe4 23. Bxe4 Bf5 24. Rfe2 Raf8 25. Rg1 Rg7 26. Qc3 Bxe4 27. Rxe4 Rf4
28. Qxa5 Rxe4 29. fxe4 Qe3 30. Qe1 Rf7 31. Qxe3 Bxe3 32. Rb1 Kf8 33. g3 h3 34.
a4 Bd2 35. Nc3 Rf3 36. a5 Bxc3 37. bxc3 Rxc3 38. Ra1 Rb3 39. a6 Rb8 40. Kg1 g5
41. g4 Ke7 42. Ra3 Ra8 43. Kf2 Kd7 44. Kg3 c6 45. dxc6+ Kxc6 46. Kxh3 Ra7 47.
Kg3 Kb6 48. h4 gxh4+ 49. Kxh4 Rh7+ 50. Kg5 Ka7 51. Kg6 Rh4 52. Kg5 Rh1 53. Kf5
Rf1+ 54. Ke6 Rf4 55. g5 Rg4 56. Kxd6 Rxg5 57. Kxc5 1-0

[Event "Bayern-chTT (RL Nord-Ost)"]
[Site "Bayern 2008/09"]
[Date "2009.02.01"]
[Round "6.6"]
[White "Kues, Manuel"]
[Black "Boese, Klaus(63)"]
[Result "1-0"]
[WhiteElo "1836"]
[BlackElo "1953"]
[PlyCount "73"]
[EventDate "2009.03.??"]
[EventType "team-tourn"]
[EventRounds "9"]
[WhiteTeam "Kareth-Lappersdorf 1"]
[BlackTeam "Bechhofen 1"]

1. e4 c5 2. Nf3 e6 3. d4 cxd4 4. Nxd4 a6 5. Nc3 Qc7 6. Be2 Nf6 7. O-O b6 8. Bf3
e5 9. Nf5 d6 10. Bg5 Nbd7 11. Ne3 Bb7 12. Ned5 Nxd5 13. Nxd5 Bxd5 14. Qxd5 Rc8
15. Be2 b5 16. Rac1 Nb6 17. Qd3 Be7 18. Bxe7 Kxe7 19. Qg3 Rcg8 20. f4 Qc5+ 21.
Kh1 f6 22. c4 b4 23. fxe5 dxe5 24. Rcd1 Kf7 25. Qh3 h5 26. Qf5 Qc8 27. Bxh5+
Ke7 28. Qg6 Qe6 29. c5 Rh6 30. Qg4 Nc4 31. Qxe6+ Kxe6 32. Bg4+ Ke7 33. Rd7+ Ke8
34. c6 f5 35. Bxf5 Rxc6 36. Rb7 Ne3 37. Bd7+ 1-0

[Event "Bayern-chTT (RL Nord-Ost)"]
[Site "Bayern 2008/09"]
[Date "2009.02.01"]
[Round "6.7"]
[White "Kaiser, Harald(66)"]
[Black "Behrens, Kai"]
[Result "1/2-1/2"]
[WhiteElo "1978"]
[BlackElo "1838"]
[PlyCount "46"]
[EventDate "2009.03.??"]
[EventType "team-tourn"]
[EventRounds "9"]
[WhiteTeam "Bechhofen 1"]
[BlackTeam "Kareth-Lappersdorf 1"]

1. e4 e5 2. f4 d5 3. exd5 e4 4. d3 Qxd5 5. Qe2 Nf6 6. Nc3 Bb4 7. Bd2 Bxc3 8.
Bxc3 Bg4 9. dxe4 Bxe2 10. exd5 Bxf1 11. Kxf1 Nxd5 12. Bxg7 Rg8 13. Re1+ Kd7 14.
Be5 f6 15. Bd4 Nxf4 16. Nf3 Nc6 17. Rd1 Ke6 18. g3 Ng6 19. Kf2 Rad8 20. Rhe1+
Nge5 21. Bxe5 Rxd1 22. Rxd1 fxe5 23. Ke3 h6 1/2-1/2

[Event "Bayern-chTT (RL Nord-Ost)"]
[Site "Bayern 2008/09"]
[Date "2009.02.01"]
[Round "6.8"]
[White "Kappl, Peter"]
[Black "Wind, Patrick"]
[Result "0-1"]
[WhiteElo "1919"]
[BlackElo "1907"]
[PlyCount "83"]
[EventDate "2009.03.??"]
[EventType "team-tourn"]
[EventRounds "9"]
[WhiteTeam "Kareth-Lappersdorf 1"]
[BlackTeam "Bechhofen 1"]

1. c4 c5 2. Nc3 g6 3. g3 Bg7 4. Bg2 Nc6 5. d3 a6 6. e4 d6 7. h3 e6 8. Nge2 Nge7
9. O-O O-O 10. Be3 Rb8 11. Qd2 b5 12. cxb5 axb5 13. d4 b4 14. Nd1 Ba6 15. d5
exd5 16. exd5 Ne5 17. Kh2 Nf5 18. Re1 Nc4 19. Qc2 Nfxe3 20. fxe3 Qg5 21. Nf4
Rfe8 22. Rc1 Ne5 23. Nf2 Bb5 24. a4 bxa3 25. bxa3 Nc4 26. Ne4 Qe7 27. a4 Ba6
28. Rb1 Na3 29. Qa2 Rxb1 30. Rxb1 Nxb1 31. Qxb1 Qc7 32. Qd1 Rb8 33. Qg4 f5 34.
Ne6 Qe7 35. Qg5 Qxg5 36. N4xg5 Rb4 37. Nc7 Rxa4 38. Nge6 Be5 39. Nxa6 Rxa6 40.
e4 Ra2 41. exf5 gxf5 42. Ng5 0-1

[Event "Bayern-chTT (RL Nord-Ost)"]
[Site "Bayern 2008/09"]
[Date "2009.03.01"]
[Round "7.2"]
[White "Alsheimer, Christoph"]
[Black "Albrecht, Hans(57)"]
[Result "1-0"]
[WhiteElo "2187"]
[BlackElo "2091"]
[PlyCount "75"]
[EventDate "2009.03.??"]
[EventType "team-tourn"]
[EventRounds "9"]
[WhiteTeam "Bechhofen 1"]
[BlackTeam "Altensittenbach 1"]

1. d4 Nf6 2. Nf3 e6 3. e3 b6 4. Bd3 d5 5. Nbd2 Bd6 6. O-O c6 7. Ne5 Qc7 8. f4
Nbd7 9. g4 g6 10. Qf3 Nf8 11. Qh3 h6 12. Ndf3 Ne4 13. Bxe4 dxe4 14. Ng5 f6 15.
Ngf7 Rh7 16. Nxd6+ Qxd6 17. Nc4 Qd5 18. Nd2 Ba6 19. Rf2 h5 20. Qg2 f5 21. g5
O-O-O 22. b3 c5 23. c4 Qc6 24. Bb2 Bb7 25. Nb1 Kb8 26. Rd2 Rhd7 27. Na3 cxd4
28. Bxd4 Ka8 29. Rad1 Re8 30. Nb5 Rh7 31. Be5 Bc8 32. Rd6 Qc5 33. Bd4 Qb4 34.
Bc3 Qc5 35. R1d4 Bd7 36. Qd2 Qc8 37. a4 Bxb5 38. Rd8 1-0

[Event "Bayern-chTT (RL Nord-Ost)"]
[Site "Bayern 2008/09"]
[Date "2009.03.01"]
[Round "7.3"]
[White "Roeder, Frank"]
[Black "Kurz, Christian"]
[Result "1/2-1/2"]
[WhiteElo "2153"]
[BlackElo "2074"]
[PlyCount "117"]
[EventDate "2009.03.??"]
[EventType "team-tourn"]
[EventRounds "9"]
[WhiteTeam "Altensittenbach 1"]
[BlackTeam "Bechhofen 1"]

1. e4 e6 2. d4 d5 3. exd5 exd5 4. Bd3 Bd6 5. Qf3 Ne7 6. Ne2 Nbc6 7. c3 Be6 8.
Bf4 Ng6 9. Bxd6 Qxd6 10. Qg3 Rd8 11. Nd2 Nce7 12. Qxd6 Rxd6 13. h4 h5 14. O-O-O
f6 15. Nf1 Nf5 16. Ne3 Nge7 17. Nxf5 Bxf5 18. Nf4 Kf7 19. Bxf5 Nxf5 20. Rde1
Rd7 21. Re2 c6 22. Kc2 Nd6 23. Rhe1 Nf5 24. g3 Nd6 25. Nd3 Ne4 26. Nc5 Nxc5 27.
dxc5 Rc8 28. Kd3 Rcc7 29. Re8 Re7 30. R1xe7+ Rxe7 31. Rb8 Kg6 32. a4 Kf5 33. f3
g5 34. Rh8 Kg6 35. b4 a6 36. Rd8 Kf5 37. b5 gxh4 38. gxh4 axb5 39. axb5 cxb5
40. Rxd5+ Kf4 41. Rxh5 f5 42. Rh8 Kxf3 43. h5 Rd7+ 44. Kc2 Rc7 45. h6 f4 46.
Kb3 Rxc5 47. Rh7 Kf2 48. Rxb7 f3 49. h7 Rh5 50. Kc2 Ke2 51. Re7+ Kf1 52. Kd2 f2
53. Ke3 Rh6 54. Rf7 Re6+ 55. Kd4 Re8 56. Rg7 Rh8 57. Kd3 Rd8+ 58. Kc2 Ke2 59.
Re7+ 1/2-1/2

[Event "Bayern-chTT (RL Nord-Ost)"]
[Site "Bayern 2008/09"]
[Date "2009.03.01"]
[Round "7.4"]
[White "Ponnath, Lorenz"]
[Black "Roeder, Gerd Dr"]
[Result "1-0"]
[WhiteElo "1967"]
[BlackElo "2209"]
[PlyCount "51"]
[EventDate "2009.03.??"]
[EventType "team-tourn"]
[EventRounds "9"]
[WhiteTeam "Bechhofen 1"]
[BlackTeam "Altensittenbach 1"]

1. d4 c5 2. d5 f5 3. g4 fxg4 4. Bg5 d6 5. Qd3 g6 6. h4 gxh3 7. Nxh3 Bg7 8. Nd2
Nd7 9. Nf4 Nf8 10. Rh3 Bxh3 11. Bxh3 a6 12. O-O-O Nh6 13. Be6 Nf7 14. Bxf7+
Kxf7 15. Qf3 Ke8 16. Nc4 b5 17. Ne6 Nxe6 18. dxe6 Bf6 19. Bxf6 exf6 20. Nxd6+
Ke7 21. Qb7+ Kxe6 22. Qf7+ Ke5 23. Qd5+ Kf4 24. e3+ Kg4 25. Qg2+ Kh5 26. Rh1#
1-0

[Event "Bayern-chTT (RL Nord-Ost)"]
[Site "Bayern 2008/09"]
[Date "2009.03.01"]
[Round "7.5"]
[White "Wallinger, Manfred"]
[Black "Lutz, Thomas"]
[Result "1/2-1/2"]
[WhiteElo "2142"]
[BlackElo "1938"]
[PlyCount "108"]
[EventDate "2009.03.??"]
[EventType "team-tourn"]
[EventRounds "9"]
[WhiteTeam "Altensittenbach 1"]
[BlackTeam "Bechhofen 1"]

1. d4 d5 2. c4 c6 3. cxd5 cxd5 4. Nc3 Nf6 5. Nf3 Nc6 6. Bf4 a6 7. e3 Bf5 8. Bd3
Bxd3 9. Qxd3 e6 10. O-O Bd6 11. Rac1 Bxf4 12. exf4 O-O 13. Na4 Ne4 14. Nc5 Nxc5
15. Rxc5 Qf6 16. g3 Rac8 17. Rfc1 Qe7 18. Ne5 Nxe5 19. fxe5 Rxc5 20. Rxc5 g6
21. Qc3 Rd8 22. Rc7 Rd7 23. Rc8+ Kg7 24. Kg2 h6 25. b4 g5 26. a4 f6 27. exf6+
Qxf6 28. Qe3 Qf5 29. b5 Qe4+ 30. Qf3 axb5 31. axb5 g4 32. Qxe4 dxe4 33. b6 Kf6
34. Rh8 Kg6 35. Rb8 h5 36. Kf1 Kf6 37. Ke2 Rxd4 38. Rxb7 Rb4 39. Rb8 Ke7 40. b7
Kd6 41. Ke3 Ke5 42. Ke2 Rb6 43. Rh8 Rxb7 44. Rxh5+ Kd4 45. Rh4 Rb2+ 46. Ke1 Kd3
47. Kf1 e3 48. fxe3 Kxe3 49. Rxg4 Rxh2 50. Rf4 e5 51. Kg1 Rh3 52. Rf5 Rxg3+ 53.
Kh2 Ke4 54. Rxe5+ Kxe5 1/2-1/2

[Event "Bayern-chTT (RL Nord-Ost)"]
[Site "Bayern 2008/09"]
[Date "2009.03.01"]
[Round "7.6"]
[White "Boese, Klaus(63)"]
[Black "Endres, Christian(90)"]
[Result "0-1"]
[WhiteElo "1953"]
[BlackElo "2002"]
[PlyCount "64"]
[EventDate "2009.03.??"]
[EventType "team-tourn"]
[EventRounds "9"]
[WhiteTeam "Bechhofen 1"]
[BlackTeam "Altensittenbach 1"]

1. d4 Nf6 2. Bf4 c5 3. c3 g6 4. e3 Bg7 5. Be2 O-O 6. Nd2 cxd4 7. exd4 d6 8.
Ngf3 Nc6 9. O-O h6 10. Re1 Kh7 11. Bd3 Nh5 12. Be3 e5 13. Nb3 f5 14. dxe5 dxe5
15. Bb5 Qc7 16. Bxc6 Qxc6 17. Bc5 Re8 18. Qd6 Qxd6 19. Bxd6 e4 20. Nfd4 Rd8 21.
Be7 Rd7 22. Ba3 b6 23. g3 Bb7 24. Kf1 Nf6 25. Ne6 Ng4 26. h3 Nh2+ 27. Kg2 Nf3
28. Red1 Rd3 29. Nxg7 Kxg7 30. Rxd3 exd3 31. Rd1 d2 32. c4 Re8 0-1

[Event "Bayern-chTT (RL Nord-Ost)"]
[Site "Bayern 2008/09"]
[Date "2009.03.01"]
[Round "7.7"]
[White "Roesch, Lothar"]
[Black "Kaiser, Harald(66)"]
[Result "1/2-1/2"]
[WhiteElo "1984"]
[BlackElo "1978"]
[PlyCount "47"]
[EventDate "2009.03.??"]
[EventType "team-tourn"]
[EventRounds "9"]
[WhiteTeam "Altensittenbach 1"]
[BlackTeam "Bechhofen 1"]

1. d4 Nf6 2. c4 c5 3. d5 b5 4. cxb5 a6 5. b6 a5 6. Nc3 Ba6 7. g3 d6 8. Bg2 Nbd7
9. Nf3 g6 10. O-O Bg7 11. h3 O-O 12. Ne1 Nxb6 13. Nd3 Rb8 14. e4 Nfd7 15. f4
Nc4 16. Qc2 Bd4+ 17. Kh2 Ne3 18. Bxe3 Bxe3 19. Rae1 Bd4 20. Re2 Rb7 21. Rd1 Qb8
22. Na4 Bb5 23. Nc3 Ba6 24. Qa4 1/2-1/2

[Event "Bayern-chTT (RL Nord-Ost)"]
[Site "Bayern 2008/09"]
[Date "2009.03.01"]
[Round "7.8"]
[White "Lutz, Rainer Dr(81)"]
[Black "Roesel, Gert"]
[Result "1/2-1/2"]
[WhiteElo "1883"]
[BlackElo "1896"]
[PlyCount "101"]
[EventDate "2009.03.??"]
[EventType "team-tourn"]
[EventRounds "9"]
[WhiteTeam "Bechhofen 1"]
[BlackTeam "Altensittenbach 1"]

1. d4 Nf6 2. Nf3 e6 3. c4 d5 4. Nc3 Be7 5. Bf4 O-O 6. e3 c6 7. Qc2 Nbd7 8. c5
b6 9. cxb6 Qxb6 10. Bd3 Ba6 11. Rb1 Bxd3 12. Qxd3 Qa5 13. O-O Bb4 14. a3 Bxc3
15. Qxc3 Qa6 16. Rfc1 Rac8 17. Nd2 c5 18. h3 c4 19. f3 Nb6 20. Qc2 Rfd8 21. Ra1
Nfd7 22. b3 cxb3 23. Qxb3 Rxc1+ 24. Rxc1 Rc8 25. Rxc8+ Qxc8 26. Qb4 h6 27. Kh2
Nf8 28. Bd6 Nfd7 29. a4 Qc6 30. a5 Na4 31. Nb3 a6 32. Be7 Nc3 33. Nc5 Nb5 34.
Nxd7 Qxd7 35. Qc5 Qe8 36. Bh4 Qd7 37. Bg3 Qd8 38. Qb6 Qc8 39. Bf4 Kh7 40. Kg3
Kg8 41. h4 Kh7 42. Kh2 Kg8 43. Bg3 Kh7 44. h5 Kg8 45. Bf4 Kh7 46. Kg1 Qc1+ 47.
Kh2 Qc8 48. Bg3 Kg8 49. Bf2 Kh7 50. g4 g6 51. hxg6+ 1/2-1/2

[Event "Bayern-chTT (RL Nord-Ost)"]
[Site "Bayern 2008/09"]
[Date "2009.03.01"]
[Round "7.1"]
[White "Klimpel, Thomas"]
[Black "Lang, Stefan(01.66)"]
[Result "0-1"]
[WhiteElo "2086"]
[BlackElo "2182"]
[PlyCount "70"]
[EventDate "2009.03.??"]
[EventType "team-tourn"]
[EventRounds "9"]
[WhiteTeam "Kareth-Lappersdorf 1"]
[BlackTeam "Forchheim 2"]

1. d4 c6 2. c4 g6 3. Nc3 Bg7 4. Nf3 d6 5. h3 Nf6 6. e4 O-O 7. Be2 e5 8. dxe5
dxe5 9. Qxd8 Rxd8 10. O-O Nbd7 11. Be3 Bf8 12. Rfd1 Re8 13. Ne1 Nc5 14. f3 a5
15. b3 Nfd7 16. Nd3 Nxd3 17. Bxd3 Bc5 18. Bxc5 Nxc5 19. Bf1 Be6 20. Rd2 Red8
21. Rad1 Rxd2 22. Rxd2 Kf8 23. Kf2 Ke7 24. Ke1 h5 25. g3 h4 26. g4 Rf8 27. Bg2
f5 28. Ke2 fxg4 29. fxg4 a4 30. Nxa4 Bxc4+ 31. bxc4 Nxa4 32. Rd3 Nc5 33. Ra3
Rd8 34. Ra5 Ne6 35. Rxe5 Ra8 0-1

[Event "Bayern-chTT (RL Nord-Ost)"]
[Site "Bayern 2008/09"]
[Date "2009.03.01"]
[Round "7.3"]
[White "Appel, Helmut(75)"]
[Black "Weigel, Robert ProfDr"]
[Result "1-0"]
[WhiteElo "2161"]
[BlackElo "2089"]
[PlyCount "99"]
[EventDate "2009.03.??"]
[EventType "team-tourn"]
[EventRounds "9"]
[WhiteTeam "Kareth-Lappersdorf 1"]
[BlackTeam "Forchheim 2"]

1. e4 c5 2. Nf3 Nf6 3. e5 Nd5 4. c3 e6 5. d4 cxd4 6. cxd4 b6 7. Nbd2 Be7 8. Nc4
O-O 9. Bd3 f5 10. exf6 Nxf6 11. O-O Nc6 12. a3 Bb7 13. Re1 b5 14. Ne3 a6 15.
Bb1 Na5 16. Ne5 Rc8 17. N3g4 Qe8 18. Nxf6+ Bxf6 19. Qd3 g6 20. b3 Bd5 21. Bc2
Nc6 22. Bb2 Rc7 23. Ng4 Bg7 24. Ne3 Ne7 25. Bc3 Bc6 26. Bb4 Rf4 27. Bc3 Be4 28.
Qd2 Bxc2 29. Nxc2 Nd5 30. Ba5 Rxc2 31. Qxc2 Bxd4 32. Rf1 Bxa1 33. Rxa1 Qf8 34.
Rc1 Qxa3 35. Bd2 Rf8 36. Bh6 Re8 37. Re1 Qb4 38. Bd2 Qd4 39. Bc1 Qc3 40. Qe2
Qxb3 41. Bb2 Nc3 42. Qd2 b4 43. Qxd7 Qa4 44. Qd4 Qa5 45. h4 e5 46. Qc4+ Kf8 47.
Re3 Nd5 48. Rf3+ Kg7 49. Qe4 Nc3 50. Qb7+ 1-0

[Event "Bayern-chTT (RL Nord-Ost)"]
[Site "Bayern 2008/09"]
[Date "2009.03.01"]
[Round "7.4"]
[White "Berreth, Marc"]
[Black "Seidl, Juergen Dr(68)"]
[Result "1/2-1/2"]
[WhiteElo "2013"]
[BlackElo "2097"]
[PlyCount "90"]
[EventDate "2009.03.??"]
[EventType "team-tourn"]
[EventRounds "9"]
[WhiteTeam "Forchheim 2"]
[BlackTeam "Kareth-Lappersdorf 1"]

1. c4 e5 2. Nc3 Nc6 3. g3 d6 4. Bg2 Be6 5. d3 Qd7 6. e4 g6 7. Nd5 Nd4 8. Be3 c6
9. Bxd4 exd4 10. Nf4 Bg7 11. Nxe6 Qxe6 12. Ne2 Ne7 13. O-O O-O 14. Qb3 Rab8 15.
Qa4 a6 16. b4 b5 17. cxb5 axb5 18. Qb3 Qd7 19. Rfc1 Ra8 20. a4 bxa4 21. Rxa4
Rab8 22. Qc4 Rb7 23. Nxd4 d5 24. Qc5 dxe4 25. Nxc6 Nxc6 26. Qxc6 Qxc6 27. Rxc6
Rfb8 28. Bxe4 Rxb4 29. Rxb4 Rxb4 30. Rc8+ Bf8 31. Bd5 Rd4 32. Bc4 Rd7 33. Kg2
Kg7 34. Re8 Bc5 35. g4 Rd4 36. h3 Rf4 37. f3 Rf6 38. Rd8 Rd6 39. Rxd6 Bxd6 40.
d4 g5 41. Kf2 Kf6 42. Ke3 Bf4+ 43. Ke4 h6 44. Kd5 Ke7 45. Kc6 Bg3 1/2-1/2

[Event "Bayern-chTT (RL Nord-Ost)"]
[Site "Bayern 2008/09"]
[Date "2009.03.01"]
[Round "7.5"]
[White "Strobel, Christian"]
[Black "Mons, Leon"]
[Result "1-0"]
[WhiteElo "2092"]
[BlackElo "2097"]
[PlyCount "83"]
[EventDate "2009.03.??"]
[EventType "team-tourn"]
[EventRounds "9"]
[WhiteTeam "Kareth-Lappersdorf 1"]
[BlackTeam "Forchheim 2"]

1. c4 e5 2. Nc3 Nc6 3. g3 Bc5 4. Bg2 a6 5. e3 d6 6. Nge2 Ba7 7. Rb1 Be6 8. d3
Qd7 9. Nd5 Nd8 10. O-O c6 11. Ndc3 Nf6 12. b3 Bh3 13. d4 Bxg2 14. Kxg2 exd4 15.
exd4 Ne6 16. d5 Nc7 17. Nf4 O-O 18. Ba3 b5 19. Qf3 cxd5 20. Ncxd5 Nfxd5 21.
Nxd5 Ne6 22. Rbd1 Bd4 23. Rxd4 Nxd4 24. Qe4 Qa7 25. Rd1 Ne6 26. Bb2 Rfd8 27. f4
Nc5 28. Qd4 Ne6 29. Qe4 Nc5 30. Qd4 Ne6 31. Nf6+ gxf6 32. Qxf6 Kf8 33. f5 Qb7+
34. Kg1 Qb6+ 35. Kf1 Re8 36. Qh8+ Ke7 37. Qf6+ Kf8 38. fxe6 Rxe6 39. Qh8+ Ke7
40. Qxa8 Qe3 41. Qb7+ Ke8 42. Qg2 1-0

[Event "Bayern-chTT (RL Nord-Ost)"]
[Site "Bayern 2008/09"]
[Date "2009.03.01"]
[Round "7.6"]
[White "Schulze, Harald(61)"]
[Black "Kues, Manuel"]
[Result "1-0"]
[WhiteElo "2108"]
[BlackElo "1810"]
[PlyCount "49"]
[EventDate "2009.03.??"]
[EventType "team-tourn"]
[EventRounds "9"]
[WhiteTeam "Forchheim 2"]
[BlackTeam "Kareth-Lappersdorf 1"]

1. b4 e5 2. Bb2 d6 3. c4 g6 4. e3 Bg7 5. Nf3 Ne7 6. Be2 O-O 7. Nc3 c6 8. d4 f5
9. O-O f4 10. dxe5 dxe5 11. e4 Bg4 12. Ng5 Bxe2 13. Qxe2 Qc8 14. c5 Bh6 15.
Qc4+ Kh8 16. Nf7+ Kg7 17. Nxe5 Bg5 18. Ne2 Kh6 19. f3 Nd7 20. Nf7+ Kh5 21. g4+
Kh4 22. Bd4 h6 23. Bf2+ Kh3 24. Kh1 Rxf7 25. Ng1# 1-0

[Event "Bayern-chTT (RL Nord-Ost)"]
[Site "Bayern 2008/09"]
[Date "2009.03.01"]
[Round "7.7"]
[White "Eichinger, Christoph(94)"]
[Black "Balle, Alfred"]
[Result "1/2-1/2"]
[WhiteElo "1791"]
[BlackElo "1893"]
[PlyCount "43"]
[EventDate "2009.03.??"]
[EventType "team-tourn"]
[EventRounds "9"]
[WhiteTeam "Kareth-Lappersdorf 1"]
[BlackTeam "Forchheim 2"]

1. e4 c5 2. Nf3 d6 3. d4 cxd4 4. Nxd4 Nf6 5. Nc3 a6 6. Be2 e5 7. Nb3 Be7 8. Be3
Be6 9. O-O b5 10. a3 Nbd7 11. Kh1 Nb6 12. Nd2 d5 13. Bxb6 Qxb6 14. exd5 Nxd5
15. Nc4 Qd4 16. Nxd5 Bxd5 17. Qxd4 exd4 18. Nb6 Rd8 19. Nxd5 Rxd5 20. Rfe1 Rd6
21. Rad1 Kd8 22. Bd3 1/2-1/2

[Event "Bayern-chTT (RL Nord-Ost)"]
[Site "Bayern 2008/09"]
[Date "2009.03.01"]
[Round "7.8"]
[White "Justi, Fabian"]
[Black "Melcher, Matthias"]
[Result "1-0"]
[WhiteElo "1732"]
[BlackElo "1786"]
[PlyCount "83"]
[EventDate "2009.03.??"]
[EventType "team-tourn"]
[EventRounds "9"]
[WhiteTeam "Forchheim 2"]
[BlackTeam "Kareth-Lappersdorf 1"]

1. e4 c5 2. Nc3 d6 3. g3 Nf6 4. Bg2 e6 5. d3 Be7 6. f4 Nc6 7. Nf3 a6 8. O-O O-O
9. h3 Qc7 10. g4 b5 11. f5 Bb7 12. g5 Nd7 13. f6 gxf6 14. gxf6 Nxf6 15. Bh6 Kh8
16. Bxf8 Rxf8 17. Qd2 Rg8 18. Ne2 d5 19. exd5 Nxd5 20. c4 Nf6 21. Kh1 Nd4 22.
Nexd4 cxd4 23. cxb5 axb5 24. Rac1 Qb8 25. Rf2 Nh5 26. Qe1 Qg3 27. Qe5+ Qxe5 28.
Nxe5 Bxg2+ 29. Rxg2 Rxg2 30. Kxg2 f6 31. Nc6 Nf4+ 32. Kf3 Nxd3 33. Rc2 Bc5 34.
Ke4 Nxb2 35. Rxb2 e5 36. Rxb5 Ba3 37. Rb3 Bc1 38. Ne7 Kg7 39. Nf5+ Kg6 40. a4
Bd2 41. Rg3+ Kf7 42. Rg7+ 1-0

[Event "Bayern-chTT (RL Nord-Ost)"]
[Site "Bayern 2008/09"]
[Date "2009.03.01"]
[Round "7.1"]
[White "Van Ginkel, Pieter"]
[Black "Kordts, Wolfgang"]
[Result "1/2-1/2"]
[WhiteElo "2202"]
[BlackElo "2147"]
[PlyCount "57"]
[EventDate "2009.03.??"]
[EventType "team-tourn"]
[EventRounds "9"]
[WhiteTeam "Nürnberg-SW 1"]
[BlackTeam "Postbauer 1"]

1. d4 Nf6 2. c4 e6 3. Bg5 Bb4+ 4. Nd2 h6 5. Bh4 g5 6. Bg3 Ne4 7. Ngf3 h5 8. h3
Nc6 9. e3 Nxg3 10. fxg3 d6 11. Be2 Qe7 12. a3 Bxd2+ 13. Nxd2 h4 14. g4 Bd7 15.
O-O O-O-O 16. b4 Rdf8 17. c5 f5 18. b5 Nd8 19. b6 axb6 20. cxb6 fxg4 21. bxc7
Rxf1+ 22. Qxf1 Kxc7 23. Bxg4 Rf8 24. Qc4+ Kb8 25. Rb1 Bc6 26. Qb4 e5 27. Bf3
Bxf3 28. Nxf3 exd4 29. exd4 1/2-1/2

[Event "Bayern-chTT (RL Nord-Ost)"]
[Site "Bayern 2008/09"]
[Date "2009.03.01"]
[Round "7.2"]
[White "Bauer, Andreas(67)"]
[Black "Saathoff, Richard"]
[Result "1/2-1/2"]
[WhiteElo "2125"]
[BlackElo "2105"]
[PlyCount "65"]
[EventDate "2009.03.??"]
[EventType "team-tourn"]
[EventRounds "9"]
[WhiteTeam "Postbauer 1"]
[BlackTeam "Nürnberg-SW 1"]

1. c4 g6 2. Nc3 Bg7 3. d4 Nf6 4. e4 d6 5. Bd3 O-O 6. Nge2 e5 7. d5 c6 8. O-O
cxd5 9. cxd5 Nbd7 10. h3 Nc5 11. Bc2 a5 12. Be3 Bd7 13. a3 a4 14. f3 b5 15. Rb1
Ne8 16. Nc1 Qh4 17. Qe1 Qe7 18. Nd3 f5 19. Nxc5 dxc5 20. Qf2 c4 21. Bc5 Nd6 22.
Bb4 Ra6 23. exf5 gxf5 24. Rbe1 Re8 25. g4 Qf7 26. Qg3 Nc8 27. Re2 Ne7 28. f4
exf4 29. Qxf4 Ng6 30. Rxe8+ Qxe8 31. Qg5 Bd4+ 32. Kg2 Bf6 33. Qd2 1/2-1/2